Statistics for US States With the Highest Korean American Population

Click here to take the quiz!

General Stats

  • This quiz has been taken 233 times
  • The average score is 8 of 10

Answer Stats

Number of Korean AmericansState% Correct
452,000California
99%
141,000New York
97%
68,000Texas
93%
62,400Washington
89%
61,500Illinois
81%
94,000New Jersey
72%
52,500Georgia
70%
71,000Virginia
68%
41,000Pennsylvania
67%
49,000Maryland
64%

Score Distribution

Percentile by Number Answered

Percent of People with Each Score

Your Score History

You have not taken this quiz